000 00232nam a2200085Ia 4500
008 170620s9999 xx 000 0 und d
100 _aDr PARANJAPE- N V
245 0 _aPUBLIC INTEREST LITIGATION- LEGAL AID & SERVICES
260 _bALLAHABAD; C L P
260 _c2006
999 _c29285
_d29285